000 00689nam a22001577a 4500
008 140827b xxu||||| |||| 00| 0 eng d
020 _a0406092524
050 _aKD277.7.L39(1891 vol.1)
245 _aThe Law Reports (1891 vol.1) Queen's Bench Division : of the incorporated council of law reporting Queen's bench division and on appeal therefrom in the court of appeal, decisions on crown cases reserved and decisions of the railway and canal commission. /
_cEdited by A. P. Stone.
260 _aLondon:
_bButterworth & Co. Ltd,
_c1891.
300 _axv, 799p.:
_c24cm.
440 _pQueen's Bench Division.
_vvol 1
700 _aStone, A. P.
800 _aStone, A. P.
942 _2lcc
_cBK
999 _c3771
_d11271